000 00402nam a22001697a 4500
005 20160625103523.0
008 160625b xxu||||| |||| 00| 0 eng d
020 _a0-7619-9649-4
041 _aeng
082 _b10114
100 _aKohhi, Vanita
_92733
245 _aThe Indian media Business
260 _bResponse Books
_c2003
300 _a239
650 _aMass Communication
_92660
942 _cBK
999 _c3936
_d3935